[Event "Hastings 9495"]
[Site "Hastings"]
[Date "1994.??.??"]
[Round "1"]
[White "McNab, Colin Anderson"]
[Black "Lalic, Susan"]
[Result "0-1"]
[WhiteElo "2465"]
[BlackElo "2375"]
[Annotator "Horn,Pe"]
[PlyCount "102"]
[EventDate "1994.12.??"]
[EventType "tourn"]
[EventRounds "9"]
[EventCountry "ENG"]
[EventCategory "9"]
[SourceTitle "CBM 045"]
[Source "ChessBase"]
[SourceDate "1995.04.01"]
[SourceVersion "1"]
[SourceVersionDate "1995.04.01"]
[SourceQuality "1"]

1. Nf3 d5 2. g3 c6 3. Bg2 Bg4 4. h3 Bxf3 5. Bxf3 (5. exf3) 5... e5 (5... Nd7 6.
d3 Ngf6 (6... e6 7. e4 Bd6 8. Nd2 Ne7 $10 {Gufeld-Vasiukov/URS/1972}) 7. e4
dxe4 8. dxe4 e5 9. Nd2 Bc5 10. Nc4 $14 {Yermolinsky-Ehlvest/Kuibyshev/1986}) 6.
d3 f5 $146 (6... Nf6 7. Nd2 Nbd7 8. e4 dxe4 9. dxe4 Qc7 10. Qe2 O-O-O 11. Nc4
Nc5 12. Be3 $14 {Degnhardt-Schmitzer/Frankfurt/1989}) 7. e4 dxe4 8. dxe4 Qxd1+
9. Kxd1 fxe4 10. Bxe4 Nf6 11. Bg2 (11. Re1 Nxe4 12. Rxe4 Nd7 13. f4 O-O-O 14.
Ke2 Bd6 $15) (11. f3 Nxe4 12. fxe4 Bc5 13. Ke2 Nd7 14. Be3 $10) (11. Bf5 Nbd7
12. Re1 Bd6 $10) 11... Bc5 12. Ke2 (12. Be3 Bxe3 13. fxe3 Nbd7 $10) 12... O-O
13. Be3 (13. Nc3 $5) 13... Bxe3 14. Kxe3 Nbd7 15. Rd1 (15. Nc3 Nb6 16. Ke2 $14)
15... Nb6 16. Ke2 e4 17. Nd2 Rae8 18. Nf1 Nfd5 19. Rd4 Nf6 20. Ne3 Re5 21. Rad1
(21. a4 $14) 21... Rfe8 22. R1d2 (22. Nc4 Nxc4 23. Rxc4 $14) 22... Kf7 23. b3
R8e7 (23... Nbd5 24. c4) 24. c4 (24. h4 $1 {/\ Bh3,c4+/=}) 24... Nbd7 25. h4 (
25. b4 c5 $132) 25... Nc5 26. Bh3 g6 27. Rd8 Nd3 28. Kd1 $6 {Why? The Ke2
seems well placed to me.} Re8 29. Rxe8 Rxe8 30. Kc2 $6 (30. Bf1 $10) 30... Rd8
$1 31. Kc3 $6 (31. a3 $15) (31. Kd1 $2 Nxf2+ $19) (31. Bf1 $2 Nb4+ $19) 31...
b5 32. Bf1 (32. a3 a5) 32... b4+ 33. Kc2 Ne1+ 34. Kd1 Rxd2+ 35. Kxd2 Nf3+ 36.
Ke2 Nd4+ 37. Kd2 Ke6 $1 (37... Nf3+ 38. Ke2 $10) 38. Bh3+ Ke5 39. Bc8 Nf3+ 40.
Kc2 (40. Ke2 $2 Kd4 {/\ Kc3-+}) 40... Kd4 41. Ng2 Ne5 {/\ Ng4 ><f2} 42. Nf4 $2
(42. Ne3 Nd3 43. Nd1 $17) 42... Neg4 43. Bxg4 Nxg4 44. Ne6+ Ke5 45. Nd8 c5 46.
Nb7 Kd4 47. Nd8 Nxf2 48. Ne6+ Ke3 49. Nxc5 Kf3 50. Na6 Nd3 51. c5 e3 (51... e3
52. Kxd3 e2 53. Kd2 Kf2 $19) 0-1

[Event "Candidates qf3"]
[Site "Quebec"]
[Date "1989.??.??"]
[Round "2"]
[White "Spraggett, Kevin"]
[Black "Jussupow, Artur"]
[Result "1-0"]
[WhiteElo "2575"]
[BlackElo "2610"]
[Annotator "Horn,Pe"]
[PlyCount "107"]
[EventDate "1989.02.??"]
[EventType "match"]
[EventRounds "9"]
[EventCountry "CAN"]
[SourceTitle "Candidates"]
[Source "ChessBase"]
[SourceDate "1999.07.01"]
[SourceVersion "2"]
[SourceVersionDate "1999.07.01"]
[SourceQuality "1"]

1. Nf3 d5 2. g3 Nf6 3. Bg2 Bf5 4. c4 e6 5. O-O Be7 6. b3 O-O 7. Bb2 h6 8. d3
Bh7 9. Nbd2 Nc6 $5 10. a3 a5 11. cxd5 exd5 12. Qc2 Nd7 $6 {12...Qd6! /\ Nd7}
13. Bh3 $1 Re8 (13... Bf6 $6 14. Bxd7 Bxb2 15. Bxc6 Bxa1 16. Bxb7 Rb8 17. Bxd5
$14) 14. Rfe1 Nf8 15. Rac1 Ne6 $2 16. Qb1 $2 (16. Bxe6 $1 fxe6 17. Ne5 Nxe5 $6
{17...Ra6!?} 18. Bxe5 Bxa3 19. Qxc7 $1 $16) 16... Bf6 17. Qa1 Bxb2 18. Qxb2 Qd6
19. Rb1 Nc5 20. Bf1 Bf5 {20...Re7 !?} 21. Rec1 Na6 22. Rc2 Re7 23. Rbc1 Rae8
24. e3 Bh7 25. Nb1 Rd8 26. Be2 d4 27. e4 f5 28. exf5 Bxf5 29. Bf1 Qd7 30. Nbd2
Rf8 $6 {>= 30...Nab8! deckt c6} 31. Rxc6 $1 bxc6 32. Nxd4 Nb8 (32... c5 $5 33.
Nxf5 Qxf5 34. Ne4 Qd5) 33. Nxf5 $6 {>= 33.Nc4 /\ Ne3} Qxf5 34. Ne4 Nd7 {
34...Qe5} 35. Rxc6 Ne5 {>= 35...Nf6} 36. Rc5 Nf3+ $5 (36... Qh5 $5 37. h3 $1
$16 (37. f4 $2 Nxd3 $1 38. Bxd3 Qd1+ 39. Bf1 Rxe4 40. Rxc7 Qd4+ $14)) 37. Kh1
Qg6 38. Rxa5 Qb6 {38...Ne1 !? 39.Qd4!} (38... Rxe4 $2 39. dxe4 Qxe4 40. Bc4+
Kh8 41. Qe2 $1 $18) 39. b4 Nxh2 $2 40. Qb3+ $1 (40. Kxh2 $2 Rxe4 $1 41. Qb3+
Re6 42. Re5 Rxf2+ 43. Bg2 Rff6 44. Rxe6 Rxe6 45. Bd5 Qf2+ $10) 40... Kh7 41.
Kxh2 Rxf2+ 42. Bg2 $1 (42. Nxf2 $2 Qxf2+ 43. Bg2 Re3 $1 $19) 42... Rf8 43. Rc5
Kh8 44. a4 Qg6 45. a5 Qg4 46. Qc2 c6 47. a6 Rb8 48. Rxc6 Qh5+ 49. Kg1 Rxb4 50.
Rc8+ Kh7 51. d4 Qf5 52. g4 Qg6 53. Nf6+ $1 gxf6 54. Rh8+ 1-0

[Event "ARG-ch"]
[Site "Argentina"]
[Date "1995.??.??"]
[Round "5"]
[White "Spangenberg, Hugo"]
[Black "Fiorito, Fabian"]
[Result "0-1"]
[WhiteElo "2490"]
[BlackElo "2450"]
[Annotator "Horn,Pe"]
[PlyCount "102"]
[EventDate "1995.??.??"]
[EventType "tourn"]
[EventRounds "15"]
[EventCountry "ARG"]
[EventCategory "9"]
[SourceTitle "CBM 049"]
[Source "ChessBase"]
[SourceDate "1995.12.01"]
[SourceVersion "1"]
[SourceVersionDate "1995.12.01"]
[SourceQuality "1"]

1. g3 d5 2. Nf3 c6 3. Bg2 Nf6 4. O-O Bg4 5. d3 Nbd7 6. Nbd2 e5 7. h3 Bh5 8. e4
dxe4 9. dxe4 Bc5 10. Qe1 O-O {A standard position in the King's Indian attack}
11. Nh4 {Slightly unusual in this position, maybe because the white players
don't fear the exchange on f3. But generally Nh4 is one of the main ideas of
Qe1.} (11. Nc4 {the usual move: putting pressure on e5}) (11. Nb3 {Smejkal's
move /\ a4,Be3}) (11. a4) 11... Re8 12. a4 (12. Nf5 Bg6 13. g4 Nf8 14. Nb3 Bb6
15. Kh1 Ne6 16. Be3 Qc7 17. Rd1 Rad8 18. Qe2 Nf4 19. Bxf4 exf4 20. Rxd8 Rxd8
21. c3 Qe5 22. Nbd4 h5 23. f3 hxg4 24. hxg4 $13 {Christiansen,L-Beliavsky,A/
Brussels SWIFT 5'/1992/0-1 (46)}) 12... a5 (12... Qc7 13. Nc4 Bf8 14. Bg5 Bg6 {
Kindermann-Gelfand/München/1991} 15. Rd1 $5 h6 16. Bxf6 Nxf6 17. Nxg6 fxg6 18.
h4 $14 {/\ Bh3 Gelfand}) 13. Nc4 Qc7 (13... Nf8 $5) 14. Bd2 b6 15. Kh1 Bg6 (
15... Nf8 $5 16. Bc3 N6d7) 16. b3 (16. c3 b5 17. axb5 cxb5 18. Na3 b4 19. Nc2)
16... Bf8 17. Bc3 Nc5 18. Nxg6 $14 hxg6 19. Qe3 (19. Rd1 $5 Na6 20. Bb2 Bb4 21.
Qe2 b5 $6 22. axb5 cxb5 23. Ne3 {[%csl Rb5,Rd5]}) 19... Ncd7 20. Rfd1 Bc5 21.
Qe1 Nb8 $5 {/\ Na6. An interesting defensive plan: on a6 the N prepares the
exchange Bb4. This could ease black's problems with the defense of e5.} 22. Bf3
(22. Rd2 $5 {/\ Rad1} Na6 23. Rad1 Bb4 24. Bxb4 Nxb4 25. Qe3 {Black has
achieved the desired exchange but even then white retains his bind.}) 22... Na6
23. Qe2 (23. Bb2) 23... Nb4 24. Kg2 Bf8 25. Bb2 Na6 (25... b5 $4 26. axb5 cxb5
27. Na3 $18) 26. h4 b5 27. Ne3 (27. axb5 $5 cxb5 28. Bxe5 Rxe5 29. Nxe5 Qxe5
30. Rxa5 $16) 27... bxa4 28. Rxa4 (28. bxa4 Rab8 29. Nc4) 28... Nc5 29. Rc4 (
29. Ra2 $1 Nfxe4 (29... Ncxe4 $2 30. Nc4 Nd6 (30... Nc5 31. Bxe5 $18) 31. Bxe5
Re6 32. Qd3 Rd8 33. Qc3 $18) (29... a4 30. b4 Ne6 31. c3 $16 {/\ Qc2,Rda1}) 30.
Nc4 f5 31. Bxe4 (31. Qe1 $5 a4 32. Rda1 Qb8 33. b4 $16) 31... Nxe4 32. f3 Nc5
33. Bxe5 $16) 29... Qb6 30. Ba1 (30. Ng4 Nxg4 31. Bxg4 a4) 30... Qb5 (30... a4
31. bxa4 Nxa4 32. Ng4 Nxg4 33. Bxg4 $14) 31. Ng4 Nxg4 32. Bxg4 a4 33. bxa4 (33.
b4 $6 Ne6 34. c3 Red8 $132 {[%csl Rc4]}) 33... Rxa4 34. Rxa4 Qxa4 $1 (34...
Qxe2 35. Bxe2 Nxa4 36. Bc4 Nb6 37. Bb3 $16) 35. f3 Qb4 36. Bd7 Nxd7 37. Rxd7
Qc5 38. Qd3 Ra8 39. Qc3 $2 (39. Bb2 $14) 39... Qb6 40. Rd3 $4 $138 (40. Bb2 Qb5
41. Qb3 Qxb3 42. cxb3 Ra2 43. Rd2 Bb4 $10) (40. Qc4 Rxa1 41. Qxf7+ Kh7 42. Qxf8
Rg1+ (42... Qg1+ $4 43. Kh3 Qh1+ 44. Kg4 $18) 43. Kh3 Rxg3+ $1 44. Kxg3 Qg1+
45. Kh3 Qh1+ 46. Kg3 Qg1+ $10) 40... Qb1 41. Bb2 Ra2 42. Qxc6 Rxb2 43. Rc3 Qd1
44. Kh3 Qf1+ 45. Kg4 Qb5 46. Qc8 Qb8 47. Qd7 Rb7 48. Qd5 Rc7 49. Rxc7 Qxc7 50.
Kh3 Qc8+ 51. g4 Qc3 0-1

[Event "ARG-ch"]
[Site "Argentina"]
[Date "1995.??.??"]
[Round "6"]
[White "Fiorito, Fabian"]
[Black "Rosito, Jorge"]
[Result "1-0"]
[WhiteElo "2450"]
[BlackElo "2340"]
[Annotator "Horn,Pe"]
[PlyCount "107"]
[EventDate "1995.??.??"]
[EventType "tourn"]
[EventRounds "15"]
[EventCountry "ARG"]
[EventCategory "9"]
[SourceTitle "CBM 049"]
[Source "ChessBase"]
[SourceDate "1995.12.01"]
[SourceVersion "1"]
[SourceVersionDate "1995.12.01"]
[SourceQuality "1"]

1. Nf3 Nf6 2. g3 d5 3. Bg2 c6 4. O-O Bg4 5. d3 Nbd7 6. Qe1 e5 7. e4 dxe4 8.
dxe4 {Eine Standardstellung im Königsindischen Angriff. Weiß kann versuchen,
Druck gegen den Pe5 (Nbd2-c4, b3+Bb2, Bd2-c3) zu entfalten oder Nutzen aus der
Stellung des Bg4 (beginnend mit h3) zu ziehen, indem er entweder das
Läuferpaar erobert oder den Nf3 (über h4) nach f5 wandern läßt. Das
grundsätzliche h3 nebst g4 gibt Schwarz häufig Gegenspiel auf den Feldern
schwarzen Feldern (insbesondere f4).} Bc5 9. Nbd2 O-O 10. a4 a5 11. h3 Bxf3 12.
Bxf3 Re8 13. Nc4 b6 14. Bd2 Qe7 15. Qe2 Qe6 16. Kg2 g6 17. Rfd1 h5 18. Be3 Bxe3
19. Nxe3 Qe7 20. Nc4 Qc5 21. b3 Re7 22. Rd2 Nf8 23. Qe3 Qxe3 24. Nxe3 Rd7 25.
Rxd7 N8xd7 26. Rd1 Kf8 27. g4 hxg4 28. hxg4 Ke7 29. g5 Nh7 30. Bg4 Nhf8 31. Nc4
Ra7 32. Kg3 Rc7 33. f4 exf4+ 34. Kxf4 Ne6+ 35. Bxe6 Kxe6 36. Rd6+ Ke7 37. e5
Ke8 38. e6 fxe6 39. Rxe6+ Kf7 40. Rd6 Kg7 41. Ne5 Nxe5 42. Kxe5 b5 43. Ke6 bxa4
44. bxa4 Rc8 45. Rd7+ Kf8 46. Kf6 Rb8 47. Ra7 Ke8 48. Rxa5 Rb2 49. Rc5 Kd7 50.
Kxg6 Kd6 51. Rc3 Ra2 52. Kh7 Rxa4 53. Re3 Rc4 54. c3 1-0

[Event "Olympiad-31"]
[Site "Moscow"]
[Date "1994.12.10"]
[Round "9.1"]
[White "Vaganian, Rafael A"]
[Black "Torre, Eugenio"]
[Result "1-0"]
[WhiteElo "2645"]
[BlackElo "2520"]
[Annotator "Horn,Pe"]
[PlyCount "85"]
[EventDate "1994.12.01"]
[EventType "team-swiss"]
[EventRounds "14"]
[EventCountry "RUS"]
[SourceTitle "CBM 045"]
[Source "ChessBase"]
[SourceDate "1995.04.01"]
[SourceVersion "1"]
[SourceVersionDate "1995.04.01"]
[SourceQuality "1"]
[WhiteTeam "Armenia"]
[BlackTeam "Philippines"]
[WhiteTeamCountry "ARM"]
[BlackTeamCountry "PHI"]

1. Nf3 d5 2. g3 c6 3. Bg2 Bg4 4. d3 Nd7 5. O-O Ngf6 6. Nbd2 e5 7. e4 Bd6 (7...
dxe4 8. dxe4 {is a solid line.}) 8. h3 {An important preparation.} Bh5 (8...
Bxf3 $14) 9. exd5 cxd5 10. c4 O-O 11. cxd5 Nxd5 12. Qb3 N5f6 (12... N5b6 13.
Ne4 Bc7 (13... Nc5 14. Nxc5 Bxc5 15. Nxe5) 14. a4 $36 (14. Bg5 $16)) 13. Nc4
Bc7 $146 (13... Nc5 14. Qa3 Bxf3 15. Bxf3 Be7 16. Nxe5 Ncd7 17. Qc3 Rc8 18. Qe1
Bc5 19. Nxd7 Qxd7 $14 {Vaganian-Kaidanov/Glendale/1994}) 14. Be3 {/\ Qxb7} (14.
Qxb7 $2 Nc5 {><d3}) 14... b6 {Of course this is an ugly move, but it is hard
to suggest anything better.} 15. Rfe1 Rc8 $6 (15... a6 16. d4) (15... Re8 $5) (
15... Rb8 16. d4) 16. d4 Bxf3 (16... exd4 17. Nxd4 $16 {/^g2-a8}) (16... e4 17.
Nfe5 {><c6,e4}) 17. Bxf3 e4 (17... exd4 18. Bxd4 $16) 18. Bg2 Re8 (18... a6 $1)
19. Rac1 (19. Qb5 $5) 19... h6 $2 (19... Nd5 20. Nd6 Bxd6 21. Rxc8 Qxc8 22.
Qxd5 $16) (19... a6 20. a4 (20. Red1 b5) (20. Bg5 h6) 20... h6 (20... Qe7 21.
Bg5 (21. Red1 $5) 21... Qf8 22. Bxf6 Nxf6 23. Nxb6 Bxb6 24. Rxc8 Rxc8 25. Qxb6
$16) 21. Red1 {/\ d5|^}) 20. Qb5 $1 {Increasing the control of the white
squares.} Bb8 (20... Nf8 21. Ne5 $16) 21. a4 Bc7 22. Red1 Bb8 23. b4 Qe7 24. a5
bxa5 25. bxa5 Qe6 26. d5 Qf5 27. g4 Qg6 28. d6 Rcd8 29. a6 Re6 30. Qf5 Qxf5 31.
gxf5 Ree8 32. Na5 Ne5 33. Nb7 Rc8 34. Rxc8 Rxc8 35. Bd4 Ned7 36. Bxf6 gxf6 37.
Bxe4 Rc3 38. Kg2 Kg7 39. Bd3 Rb3 40. Bf1 h5 41. Rd5 Rb4 (41... Kf8 42. Bb5 Ke8
43. Rc5 $18) 42. Bb5 Nf8 43. h4 (43. d7 $18) 1-0

[Event "RUS-ch51"]
[Site "St Petersburg"]
[Date "1998.07.29"]
[Round "2"]
[White "Landa, Konstantin"]
[Black "Shipov, Sergei"]
[Result "0-1"]
[WhiteElo "2520"]
[BlackElo "2635"]
[Annotator "Horn,Pe"]
[PlyCount "71"]
[EventDate "1998.07.28"]
[EventType "swiss"]
[EventRounds "11"]
[EventCountry "RUS"]
[SourceTitle "CBM 067"]
[Source "ChessBase"]
[SourceDate "1998.11.30"]
[SourceVersion "2"]
[SourceVersionDate "1998.11.01"]
[SourceQuality "1"]

1. Nf3 {Petursson.} Nf6 2. g3 d5 3. Bg2 c6 4. O-O Bg4 5. b3 Nbd7 6. Bb2 e6 7.
d3 Bd6 8. Nbd2 O-O 9. h3 Bh5 10. e4 e5 11. Qe1 Re8 12. Nh4 Nc5 (12... a5 {
wird überwiegend als Hauptfortsetzung angegeben.}) 13. Kh1 (13. Nf5 {Jansa war
mit diesem Zug 1983 erfolgreich. Es muß einen aber mißtrauisch stimmen, daß
Landa diesen Zug vermeidet und Shipov ihn zuläßt, obwohl er nach wie vor z.B.
in ECO als bestes in dieser Stellung angegeben wird.} Bc7 (13... Bf8 {Da
Shipov auch in der Partie zu diesem Zug greift, könnte es sein, daß er auch
hier diesen Zug beabsichtigt hatte.} 14. f4 {Eine Spielführung wie in
Jansa-Keene bringt hier anscheinend keinen Vorteil.} dxe4 15. dxe4 exf4 16.
gxf4 (16. Rxf4) 16... Bg6 17. Ng3 Ncxe4 18. Ndxe4 Nxe4 19. Nxe4 (19. Bxe4 f5
$17 (19... Qb6+ 20. Kh2 f5 $17)) 19... Bxe4 (19... f5 20. Rd1 $13) 20. Bxe4 f5
21. Be5 fxe4 22. Qxe4 Qh4 $17) 14. f4 $1 $36 exf4 15. gxf4 dxe4 16. Nxe4 (16.
dxe4 $2 {Jansa} Ba5 $1 17. Qg3 Bg6 $17) 16... Nfxe4 17. dxe4 (17. Nxg7 $5 {
Jansa}) 17... Ne6 18. Qg3 Bg6 19. Rad1 $40 {Jansa-Keene/Arhus/1983}) (13. a4 {
Auch Kortschnoj traute anscheinend 13.Nf5 nicht.} Ne6 14. Nf5 Bc7 15. Nf3 Bxf3
16. Bxf3 Nd4 17. Nxd4 exd4 18. Bxd4 dxe4 19. Bxf6 Qxf6 20. Bxe4 Qd4 21. Qd1 {
1/2-1/2 Kortschnoj,V-Sax,G/Tilburg 1989}) 13... Bf8 {Verteidigt den
gefährdeten Pg7 gegen eventuelle gemeinsame Attacken von Bb2 und Nf5.} 14. f4
dxe4 15. Nxe4 (15. dxe4 exf4 16. g4 Bg6 17. Nxg6 hxg6 18. Rxf4 Bd6 19. e5 Bxe5
20. Bxe5 Ncd7 $17) 15... Nfxe4 16. dxe4 exf4 17. gxf4 $6 {Der normale Reflex
für Königsindisch-Spieler: das Paar Pe4/f4 kontrolliert gemeinsam das Zentrum.
Hier hat die Sache aber einen taktischen Haken.} (17. Rxf4 $142 {Das macht man
sicher nicht ohne Bauchschmerzen, da jetzt Schwachstellen im Zentrum entstehen
(e4/e5). Allerdings behält Weiß dafür sehr agile Figuren.}) 17... Nxe4 $1 18.
Bxe4 Rxe4 19. Qxe4 Qxh4 $44 {Materiell sieht die Sache nicht so schlecht aus
für Weiß, er kommt aber leider nicht dazu, seinen zerrupften Königsflügel zu
konsolidieren.} 20. Kg2 (20. Qe3 {gefällt mir besser}) 20... Bg6 21. Qe2 (21.
Qe1 Qh5 $1 $36) 21... Bf5 22. Rf3 Rd8 {[%cal Yd8d6]} 23. Qf2 Qh5 {'©'
Petursson.} 24. Re1 $2 {Seltsam: Weiß gibt seinen Trumpf (die Mehrqualität)
her, und verbleibt mit seinen Problemen (offene Königsstellung, Minusbauer,
schwache Bauern).} (24. Kh2 $2 Rd2 25. Qxd2 Qxf3 $40) (24. Rg3 $142) (24. Rg3 {
Petursson} Re8 25. Re1) 24... Be4 $19 {'!' Petursson.} 25. Rxe4 Qg6+ 26. Kh2
Qxe4 27. Re3 Qb4 {[%cal Rf8c5]} 28. Rd3 Rxd3 29. cxd3 Bc5 $1 30. d4 {Ein
trauriger Zug: der Bb2 wird degradiert. Weiß hatte aber kaum eine Wahl, da die
Qf2 den Pf4 und das Feld d2 bewachen mußte.} Bd6 31. Kg2 Qa5 {[%cal Ra5a2,
Ya5d5,Ya5f5]} 32. f5 Qxa2 33. d5 Qxb3 34. dxc6 bxc6 35. f6 Qd5+ 36. Kf1 (36.
Kf1 Bc5 37. Qg3 Qd1+ 38. Kg2 Qg1+ 39. Kf3 Qf1+ $19) 0-1

[Event "EU-chT (Men) 12th"]
[Site "Batumi"]
[Date "1999.12.06"]
[Round "8.1"]
[White "Movsesian, Sergei"]
[Black "Sokolov, Ivan"]
[Result "1-0"]
[WhiteElo "2659"]
[BlackElo "2656"]
[Annotator "Horn,Pe"]
[PlyCount "108"]
[EventDate "1999.11.06"]
[EventType "team-swiss"]
[EventRounds "9"]
[EventCountry "GEO"]
[SourceTitle "CBM 074"]
[Source "ChessBase"]
[SourceDate "2000.02.01"]
[SourceVersion "1"]
[SourceVersionDate "2000.02.01"]
[SourceQuality "1"]
[WhiteTeam "Czech Republic"]
[BlackTeam "Bosnia&Herzegovina"]
[WhiteTeamCountry "CZE"]
[BlackTeamCountry "BIH"]

1. Nf3 d5 2. g3 c6 3. Bg2 Bg4 4. O-O Nd7 5. d3 e5 6. Nbd2 Ngf6 7. e4 dxe4 8.
dxe4 h6 {Schwarz bereitet Be6 vor, indem er Ng5 verhindert.} 9. h3 (9. Qe2 Qc7
10. Nc4 O-O-O $6 11. h3 Be6 12. a4 g5 13. Nh2 Rg8 14. Be3 $14 {Hort,V-Kovacs,L/
Sombor 1968}) (9. b3 Bb4 10. Bb2 O-O 11. c3 Be7 12. Qc2 Qc7 13. Nc4 Rfd8 14.
Ne3 Be6 15. c4 $11 {Vaganian,R-Dutreeuw,M/Elista 1998}) 9... Be6 10. Qe2 (10.
Nh4) 10... Bc5 (10... Qc7 11. a4 (11. b3 b5 12. a4 Rb8 13. Bb2 Bd6 14. Ne1 (14.
axb5 $5) 14... O-O 15. Nd3 Nc5 16. axb5 cxb5 17. f4 Nxd3 18. cxd3 Qc2 $2 19.
Bxe5 Bxe5 20. fxe5 Qc5+ 21. Qf2 $18 {Savicevic,V-Miladinovic,I/Cetinje 1991})
11... Bc5 12. b3 O-O (12... Nh7 $5) 13. Bb2 Nh7 14. Nc4 Ng5 15. Nxg5 (15. h4
Nxf3+ 16. Bxf3 Rfe8 17. Kg2 b5 18. Ne3 Bd4 19. Rfb1 a6 20. Nd1 Nf6 21. c3 Bc5
22. Bc1 b4 $1 23. Be3 Bxe3 $15 {Casafus,R-Mascarinas,R/Buenos Aires 1994})
15... hxg5 16. Rfd1 f6 17. Rd2 Nb6 18. Ne3 Rad8 19. Rad1 $14 {Lobron,E-Roeder,
F/Germany 1985}) 11. b3 Qc7 (11... b5 12. Bb2 Qb8 $6 13. Ne1 O-O 14. Nd3 Bb6
15. Kh1 Nh7 16. f4 $14 {Urday,H-Cramling,P/Alicante 1989}) 12. Bb2 Nh7 {
[%cal Yh7g5] Eine Nebenidee von h6.} 13. Nc4 Ng5 {Da Schwarz noch nicht
rochiert hat, verbietet sich das Schlagen auf g5.} 14. Nfxe5 Bxc4 (14... Nxe5
15. Nxe5 Nxh3+ 16. Kh2 Nxf2 (16... Ng5 17. f4 $14) 17. Rxf2 Bd6 18. Qh5 g6 19.
Nxg6 Bxg3+ 20. Kh1 Rg8 21. Rf6 (21. Be5 $2 fxg6 22. Bxc7 gxh5 $15) 21... Rxg6
22. Rxg6 fxg6 23. Qxg6+ Bf7 24. Qxh6 $16) 15. Qxc4 (15. Nxc4 Qxg3 $15) 15...
Bxf2+ 16. Rxf2 Nxe5 17. Qc5 Nd7 (17... Ng6 18. Kh2 (18. Bxg7 $2 Qxg3 $17) 18...
Ne6 19. Qe3 $14) 18. Qe3 O-O 19. Qf4 Qb6 (19... Qxf4 20. gxf4 $16 {käme Weiß
mit seinem Läuferpaar entgegen.}) 20. Qg4 Rad8 21. Raf1 Qc5 ({Logisch sieht} 
21... f6 {aus, um eine Blockade auf e5 zu errichten.} 22. h4 $140 Nf7 {[%csl
Ge5]}) 22. h4 Ne6 23. Qf5 {Die Endspiele mit Verbesserung der Bauernstellung
sehen Weiß klar im Vorteil.} Qd6 (23... Qe3) 24. e5 Qc5 25. Qe4 Nb6 26. c4 Nd7
(26... Rd7 {läuft nach} 27. Bh3 {ins Leere, da Schwarz die d-Linie wegen des
Drucks gegen f7 nicht nutzen kann.}) 27. Bh3 Qe7 28. Qe3 b6 (28... a6 $143 29.
Qa7 $16) 29. Kh2 c5 {[%csl Rd5] nach b6 ist dies auf Dauer kaum zu vermeiden;
allerdings erhält Weiß jetzt ein Feld auf d5.} 30. Re1 Rfe8 31. Rd2 Ndf8 32.
Rd5 Nc7 33. Red1 $1 {Ein hübsches positionelles Qualitätsopfer.} Nxd5 34. cxd5
Ne6 (34... Ng6 35. e6 fxe6 36. Bxe6+ Kh7 (36... Qxe6 37. dxe6 Rxd1 38. h5 Nh8
39. Qe5 Rd2+ 40. Kh3 Rxb2 41. Qxb2 Rxe6 42. Qg2 $16) 37. Qe4 {[%cal Rh4h5]}
Rxd5 (37... Rf8 38. Rd2 $16) (37... Qf7 38. h5 Qf2+ 39. Kh3 Qxb2 40. Qxg6+ Kh8
41. Bf5 $18) 38. Rxd5 Qxe6 39. Re5 Qxe5 40. Bxe5 Rxe5 41. Qf3 $16) 35. d6 Qb7 (
35... Qd7) 36. Bg2 Qd7 37. Bd5 b5 38. Qe4 Rc8 39. Bc3 a5 $2 {Hier könnte
Zeitnot im Spiel gewesen sein.} (39... c4 $5) 40. Bxa5 Qa7 (40... b4 $2 41. Bb7
Rb8 42. Bc6 Qa7 43. Bxe8 Rxe8 44. d7 Rb8 45. d8=Q+ Nxd8 46. Bxd8 $18) 41. Bd2 (
41. Bxe6 fxe6 42. d7 Qxa5 43. a4 bxa4 44. Qg6 Qd8 45. bxa4 Ra8 46. dxe8=Q+ Qxe8
$11) 41... Rcd8 (41... Rb8 $142) 42. a4 (42. Bc6 Nd4 43. Bxe8 Rxe8 $132) 42...
c4 $2 (42... bxa4 43. bxa4 $14) 43. Be3 Qa5 44. axb5 (44. Bc6 $16) 44... cxb3
45. Bc6 Qa2+ 46. Kh3 b2 (46... Rf8 47. Qf5 $16) 47. Rf1 Qb3 48. b6 f5 49. Bd5
Qc3 $2 (49... Qb5 50. Bc4 $1 fxe4 51. Bxb5 $18) 50. Qxf5 Qxe3 51. d7 $1 Re7 52.
Bxe6+ Rxe6 (52... Kh8 53. Qf8+ Rxf8 54. Rxf8+ Kh7 55. Bf5+ $18) 53. Qxe6+ Kh7
54. Qf5+ Kg8 {..} (54... Kg8 55. e6 $18) 1-0